| 000 | 00799nam a2200181Ia 4500 | ||
|---|---|---|---|
| 008 | 090630s9999 xx 000 0 und d | ||
| 082 | _b25344 | ||
| 100 | _aलाला रुसी अनु. डहाणूकर शरदिनी. | ||
| 245 |
_aजल्लोश पेशींचा. _cलाला रुसी अनु. डहाणूकर शरदिनी. |
||
| 260 |
_bउत्कर्ष - पुणे. _c2001 |
||
| 300 | _a127 | ||
| 600 | _aलाला रुसी अनु. डहाणूकर शरदिनी. | ||
| 630 | _aजल्लोश पेशींचा. | ||
| 655 | _aइतर. | ||
| 700 | _aलाला रुसी अनु. डहाणूकर शरदिनी. | ||
| 730 | _aजल्लोश पेशींचा. | ||
| 942 | _cBOOK | ||
| 999 |
_c277200 _d277200 |
||